000 00646nam a2200217Ia 4500
003 OSt
005 20220923225513.0
006 a|||||r|||| 00| 0
007 ta
008 220922b |||||||| |||| 00| 0 hin d
024 _a269,575
037 _cTextual
040 _aARTS
_cARTS
_bhin
041 _2hin
_ahin
082 _aQ3, 156K8
245 0 _aश्री महावीर जैन विद्यालय सुवर्णमहोत्सव ग्रंथ
246 _aShrī hināvīr jain vidyālaya suvarṇahinotsav grantha
260 _c1968
942 _hQ3, 156K8
_cTEXL
_2CC
999 _c378664
_d378664